Statistiken für Länder mit Amtssprache Portugiesisch

Klicken Sie hier um das Quiz zu spielen!

Allgemein

  • Dieses Quiz wurde 317 mal gespielt
  • Das Durchschnittsergebnis liegt bei 5 aus 9

Antwortstatistiken

Länder% Korrekt
Brasilien
99%
Portugal
99%
Angola
64%
Kap Verde
52%
Mosambik
51%
Sao Tome und Principe
48%
Äquatorialguinea
36%
Guinea-Bissau
35%
Osttimor
30%

Verteilung der Resultate

Perzentil nach korrekt beantworteten Fragen

Anzahl Personen mit jedem Resultat

Ihre Resultats-Entwicklung

Sie haben dieses Quiz noch nicht gespielt